000 00273nam a2200133Ia 4500
100 _aGandhi/M.K.
650 _aGeneral
942 _cBK
245 _aAn autobiography
260 _bNavjivan Publ.
_aMumbai
_c2010
082 _a920/GAN
300 _a464
546 _aENGLISH
999 _c23884
_d23884